河南户籍人口最多的20个县级行政区 20 most populous county-level regions in Henan - Statistics

General Stats
  • This quiz has been taken 29 times
  • The average score is 14 of 20
Answer Stats
户籍人口/万 地市与排名 县区 % Correct
179 信阳1 固始县
83%
150 周口3 淮阳区
83%
186 南阳1 邓州市
78%
165 商丘1 永城市
78%
165 周口1 太康县
74%
150 安阳1 滑县
74%
148 南阳2 唐河县
74%
139 周口4 沈丘县
74%
139 郑州1 金水区
74%
138 商丘2 虞城县
74%
135 商丘3 夏邑县
74%
135 周口6 项城市
74%
134 许昌1 禹州市
70%
123 开封1 杞县
70%
123 濮阳1 濮阳县
70%
159 周口2 郸城县
65%
126 驻马店2 新蔡县
65%
161 驻马店1 上蔡县
61%
138 周口5 鹿邑县
61%
133 周口7 商水县
61%
No matching quizzes found
Score Distribution
Percent of People with Each Score
Percentile by Number Answered
Your Score History
You have not taken this quiz